02026nam a2200289Ia 450000500170000000800410001704000530005804100080011124500510011924600300017026000620020030000460026250004620030850803600077051101670113054600500129765000200134765000560136765000360142365000170145970000300147671000180150671000200152471000240154476500180156885601500158620140731173631.0130821s2002 xxu g q mlfre d aCO-BoUCMbspacOscar Anaya (modificó)d[Nuevo] afre00aPeople I KnowcDaniel Algrant, directorh[DVD]13aRelaciones confidenciales aBurbank (California, Estados Unidos)bMiramax Filmsc2002 a1 DVD, 100 minutosbimagen, sonido, color aSINOPSIS: Eli Wurman es un neoyorquino decadente adicto relaciones públicas y las drogas, que está promoviendo un evento social a favor de los afro-americanos. A lo largo de los dos días de su vida loca, el día del evento y el día anterior, hace contactos y favores, Victoria Gray es su hermana viuda. Cary Launer es el cliente principal de Eli. El día antes del evento, Eli descubre secretos que guardan los hombres más poderosos de América aCRÉDITOS: Dirigida por Daniel Algrant ; escrita por Jon Robin Baitz ; producida por Michael Nozik ; música por Terence Blanchard ; fotografía por Peter Deming ; diseño de producción por Michael Shaw ; dirección de arte por Charles E. McCarry ; ambientación por Andrew Baseman ; vestuario por David Robinson ; maquillaje por John Caglione Jr.0 aREPARTO: Al Pacino, Kim Basinger, Ryan O'Neal, Téa Leoni, Richard Schiff, Bill Nunn, Robert Klein, Mark Webber, Ramsey Faragallah, Brian McConnachie, Frank Wood aAudio en francés. Subtítulos en español04aEntretenimiento04aPelículas cinematográficaszEstados UnidosvDVD04aPelículas sociológicasvDVD04aSociología1 aAlgrant, Danieledirector2 aMiramax Films2 aMyriad Pictures2 aSouth Fork Pictures0 tPeople I Know40uhttp://www.youtube.com/watch?v=9ddhv2-1SogzSiga este enlace para ver el trailerzTrailer tomado del canal zuguidemovietrailers vía YouTube.com